LEADER 00869nam a2200205 i 4500 001 000000029095 003 CaOOAMICUS 005 20190823105954.0 008 180830s1991 it u000 u ita u 040 $aSeMil$bita 100 1 $aPollo, Mario.$0(OLS)http://semarc/name/13289 245 10$aEducazione come animazione :$bvoci per un dizionario /$cMario Pollo. 260 $aLeumann (TO) :$bElle Di Ci,$c1991. 300 $av. ;$c22 cm. 650 4$aPastorale dei giovani.$0(OLS)http://semarc/subject/56224 774 0 $tConcetti.$kAnimazione dei gruppi giovanili$z88-01-12017-6$g1$w()224700 830 0$aAnimazione dei gruppi giovanili.$0(OLS)http://semarc/title/16114 996 $6245$aEducazione come animazione :$bvoci per un dizionario$9(OLS)http://semarc/title/39516 996 $6260$aLeumann (TO) :$bElle Di Ci$9(OLS)http://semarc/publisher/29654 LEADER 01104nam a2200265 i 4500 001 000000069958 003 CaOOAMICUS 005 20080603000000.0 008 080603s1966 it u000 u ita u 013 $a41130 040 $aSeMil$bita 100 1 $aGarin, Eugenio,$d<1909-2004>.$0(OLS)http://semarc/name/1340 245 10$aEducazione umanistica in Italia /$cGarin. 250 $a5. ed. 260 $aBari :$bLaterza,$c1966. 300 $a200 p. ;$c18 cm. 490 0 $aPiccola biblioteca filosofica Laterza ;$v4 650 4$aUmanesimo.$0(OLS)http://semarc/subject/4164 650 4$aPedagogia - Italia - Storia - Sec. 14.-15.$0(OLS)http://semarc/subject/13909 650 4$aCultura umanistica - Italia - Sec. 15.$0(OLS)http://semarc/subject/13910 830 0$aPiccola biblioteca filosofica Laterza ;$v4.$0(OLS)http://semarc/title/18486 850 $aSeMil 852 $aSeMil$W1$xVenegono$y1$m2P I 434$j36111$B36111$CSeMilBibl$Z2$F36114 $81 996 $6245$aEducazione umanistica in Italia$9(OLS)http://semarc/title/112189 996 $6260$aBari :$bLaterza$9(OLS)http://semarc/publisher/29858